Indice jeneral de la Gaceta de los Tribunales: que comprende el resumen de las sentencias interesantes publicadas en este periódico, desde su fundación, el 6 de Noviembre de 1841, hasta el 1§ de Diciembre de 1890
Saved in:
| Hovedforfatter: | |
|---|---|
| Format: | Bog |
| Sprog: | spansk |
| Udgivet: |
Santiago
Chilena
1890
|
| Fag: | |
| Tags: |
Tilføj Tag
Ingen Tags, Vær først til at tagge denne postø!
|
MARC
| LEADER | 00000nam a2200000 a 4500 | ||
|---|---|---|---|
| 001 | UCR1359 | ||
| 003 | CL-VaPUC | ||
| 008 | 971219e18901200CL |||||||||||||||||spa|d | ||
| 082 | 0 | 4 | |a 016.05 |b PLA |2 21 |
| 100 | 0 | |a Plaza, Juan de Dios |e author |9 398380 | |
| 245 | 1 | 0 | |a Indice jeneral de la Gaceta de los Tribunales: que comprende el resumen de las sentencias interesantes publicadas en este periódico, desde su fundación, el 6 de Noviembre de 1841, hasta el 1§ de Diciembre de 1890 |
| 300 | |a 4 v | ||
| 942 | |c BK | ||
| 945 | |d 19971219 00:00:00 |a cmena | ||
| 260 | |a Santiago |b Chilena |c 1890 | ||
| 650 | 0 | |a Catálogos |9 256258 | |
| 650 | 0 | |a Revistas |9 335471 | |
| 650 | 7 | |a DERECHO CHILENO |2 CL-VaPUC |9 398381 | |
| 650 | 0 | |a Jurisprudencia |9 255952 | |
| 650 | 0 | |a Sentencias |9 256250 | |
| 651 | 7 | |a CHILE |2 CL-VaPUC |9 398382 | |
| 583 | |a last modification |c 19971219 00:00:00 |k Rodrigo Vera | ||
| 999 | |c 264764 |d 264762 | ||
| 952 | |0 0 |1 0 |4 0 |6 016_050000000000000_PLA_1890 |7 0 |8 DER_HDC |9 295172 |a BIBDER |b BIBDER |d 2019-11-19 |h v.1 |i 1921274 |o 016.05 PLA 1890 |p 1921274 |r 2019-11-19 |w 2019-11-19 |x Ubicación 4to Piso |y BK_X |z Estos recursos deben solicitarse con anticipación |k DER | ||
| 952 | |0 0 |1 0 |4 0 |6 016_050000000000000_PLA_1890 |7 0 |8 DER_HDC |9 295173 |a BIBDER |b BIBDER |d 2019-11-19 |h v.2 |i 1921282 |o 016.05 PLA 1890 |p 1921282 |r 2023-01-25 |w 2019-11-19 |x Ubicación 4to Piso |y BK_X |z Estos recursos deben solicitarse con anticipación |k DER | ||
| 952 | |0 0 |1 0 |4 0 |6 016_050000000000000_PLA_1890 |7 0 |8 DER_HDC |9 295174 |a BIBDER |b BIBDER |d 2019-11-19 |h v.3 |i 1921290 |o 016.05 PLA 1890 |p 1921290 |r 2023-01-25 |w 2019-11-19 |x Ubicación 4to Piso |y BK_X |z Estos recursos deben solicitarse con anticipación |k DER | ||
| 952 | |0 0 |1 0 |4 0 |6 016_050000000000000_PLA_1890 |7 0 |8 DER_HDC |9 295175 |a BIBDER |b BIBDER |d 2019-11-19 |h v.4 |i 1921304 |o 016.05 PLA 1890 |p 1921304 |r 2023-01-25 |w 2019-11-19 |x Ubicación 4to Piso |y BK_X |z Estos recursos deben solicitarse con anticipación |k DER | ||
| 952 | |0 0 |1 0 |4 0 |6 016_050000000000000_PLA_1890 |7 0 |8 X |9 295176 |a BIBDER |b BIBDER |d 2019-11-19 |h v.2 |i 1955756 |o 016.05 PLA 1890 |p 1955756 |r 2023-01-25 |w 2019-11-19 |y BK_X |k DER | ||
| 952 | |0 0 |1 0 |4 0 |6 016_050000000000000_PLA_1890 |7 0 |8 X |9 295177 |a BIBDER |b BIBDER |d 2019-11-19 |h v.1 |i 1955705 |o 016.05 PLA 1890 |p 1955705 |r 2023-01-25 |w 2019-11-19 |y BK_X |k DER | ||